| Поле | Инд. | ПП | Название | Значение |
|---|---|---|---|---|
| Тип записи | a | |||
| Библиографический уровень | m | |||
| 001 | Контрольный номер | 8f85f35988ee454f8139ad1684db5e69 | ||
| 005 | Дата корректировки | 20260427173512.2 | ||
| 020 | a | ISBN | 978-5-9775-2118-5 | |
| 040 | b | Код языка каталог. | rus | |
| e | Правила каталог. | PSBO | ||
| 041 | 0_ | a | Код языка текста | rus |
| 080 | a | Индекс УДК | 004.43 | |
| 084 | a | Индекс другой классификации/Индекс ББК | 32.973 | |
| 090 | a | Полочн. индекс | 681.3 | |
| x | Авторский знак | И46 | ||
| 097 | b | Оператор | 05 | |
| 100 | 1_ | a | Автор | Ильин Е. В. |
| 245 | 10 | a | Заглавие | Python для инженерных задач |
| 260 | a | Место издания | Санкт-Петербург | |
| b | Издательство | БХВ-Петербург | ||
| c | Дата издания | 2026 | ||
| 300 | a | Объем | 671 с. | |
| 336 | a | Термин вида содержания | Текст | |
| 337 | a | Термин типа средства | непосредственный | |
| 440 | _0 | a | Серия | Самоучитель |
| 510 | 0_ | a | Примечание о ссылках | Книги и методические пособия |
| 650 | 04 | a | Основная рубрика | 50.41 Программное обеспечение вычислительных машин, комплексов и сетей |
| 653 | 0_ | a | Ключевые слова | Python; инженерные расчёты; объектно-ориентированное программирование; языки программирования |
| 900 | a | Имя электронного ресурса | Ильин - Python для инженерных задач (001) | |
| 900 | a | Имя электронного ресурса | Ильин - Python для инженерных задач | |
| 901 | t | Тип документа | m |